000 01076cam a2200313 a 4500
001 2656
005 20241021082140.0
020 _a9781442412538 (pbk.)
020 _a9781416949671
040 _aDLC
_cDLC
_beng
050 0 0 _aPZ7.C7878
_bDar 2010
082 0 0 _a823.914
_222
100 1 _aCooper, Susan
_d1935-
245 1 4 _aThe grey king /
_cThe dark is rising sequence ; Susan Cooper
250 _aThis Simon Pulse edition May 2007
260 _aNew York :
_bSimon Pulse,
_c1975
300 _a165 pages ;
_c21cm
490 _aThe dark is rising sequence ;
_vBook 4
500 _aPreviously published as individual works.
505 0 _aU
520 _aIn this fourth book of The Dark Is Rising sequence, Will Stanton, visiting in Wales, is swept into a desperate quest to find the golden harp and to awaken the ancient Sleepers.
521 1 _a930
_bLexile
521 1 _aU
_bRaz-Plus
650 1 _aFantasy.
650 1 _aGood and evil
_vFiction.
650 1 _aSpace and time
_vFiction.
906 _a7
_bcbc
_corignew
_d2
_eepcn
_f20
_gy-gencatlg
942 _2ddc
_cBK
_n0
999 _c2656
_d2656